[Event "Benidorm op-A"]
[Site "Benidorm"]
[Date "2022.12.08"]
[Round "6"]
[White "Perez Ruiz, Santiago"]
[Black "Draghici Flutur, Gavril"]
[Result "0-1"]
[WhiteElo "1966"]
[BlackElo "2004"]
[PlyCount "62"]
[EventDate "2022.12.03"]
[EventType "swiss"]
[EventRounds "9"]
[EventCountry "ESP"]
[SourceTitle "CBM 211 Extra"]
[Source "ChessBase"]
[SourceDate "2023.01.31"]
[SourceVersion "1"]
[SourceVersionDate "2023.01.31"]
[SourceQuality "1"]

1. d4 d5 2. Nf3 Nf6 3. c4 dxc4 4. Nc3 a6 5. a4 Nc6 6. Bg5 h6 7. Bf4 Bg4 8. e3 Nd5 9. Nxd5 Qxd5 10. Be2 e5 11. dxe5 Bb4+ 12. Kf1 Qc5 13. Qc2 Na5 14. Nd4 Bxe2+ 15. Kxe2 Nc6 16. Rhd1 0-0-0 17. Qf5+ Kb8 18. Nxc6+ Qxc6 19. f3 Rxd1 20. Rxd1 Qxa4 21. Rd4 Qa1 22. Rd1 Qxb2+ 23. Kf1 g5 24. Qf6 Rc8 25. Bg3 Qc2 26. Rd8 Qc1+ 27. Ke2 Rxd8 28. Qxd8+ Ka7 29. Qd4+ c5 30. Qd8 Qc2+ 31. Kf1 Qd3+ 0-1

[Event "Benidorm op-A"]
[Site "Benidorm"]
[Date "2022.12.06"]
[Round "4"]
[White "Roe, Simon J"]
[Black "Perez Ruiz, Santiago"]
[Result "1-0"]
[WhiteElo "2146"]
[BlackElo "1966"]
[PlyCount "65"]
[EventDate "2022.12.03"]
[EventType "swiss"]
[EventRounds "9"]
[EventCountry "ESP"]
[SourceTitle "CBM 211 Extra"]
[Source "ChessBase"]
[SourceDate "2023.01.31"]
[SourceVersion "1"]
[SourceVersionDate "2023.01.31"]
[SourceQuality "1"]

1. c4 Nf6 2. Nf3 g6 3. g3 d6 4. d4 Bg7 5. Bg2 0-0 6. Nc3 c6 7. 0-0 Nbd7 8. e4 e5 9. h3 Re8 10. Be3 a5 11. Qc2 Qc7 12. Rad1 h5 13. c5 exd4 14. cxd6 Qxd6 15. Nxd4 Qc7 16. Ncb5 Qb8 17. Bf4 Ne5 18. Nf3 Nfd7 19. Nd6 Rf8 20. Ng5 Qa7 21. Be3 Qb8 22. f4 f6 23. Ne6 Nf7 24. Nxf8 Nxf8 25. Nxf7 Kxf7 26. f5 Kg8 27. Bf4 Qa7+ 28. Kh2 g5 29. Bd6 Nd7 30. Qb3+ Kh8 31. Qf7 h4 32. gxh4 gxh4 33. Bf4 1-0

[Event "Ferrol op 32th"]
[Site "Ferrol"]
[Date "2017.07.23"]
[Round "8"]
[White "Perez Ruiz, Santiago"]
[Black "Garcia Bugallo, Jose Luis"]
[Result "0-1"]
[WhiteElo "1916"]
[BlackElo "1842"]
[PlyCount "106"]
[EventDate "2017.07.16"]
[EventType "swiss"]
[EventRounds "9"]
[EventCountry "ESP"]
[SourceTitle "EXT 2024"]
[Source "ChessBase"]
[SourceDate "2023.10.10"]
[SourceVersion "1"]
[SourceVersionDate "2023.10.10"]
[SourceQuality "1"]

1. d4 d5 2. Nf3 Nf6 3. c4 c6 4. Nc3 dxc4 5. a4 Bf5 6. e3 e6 7. Bxc4 Bb4 8. 0-0 0-0 9. h3 Nbd7 10. Qb3 a5 11. Nh4 Ne4 12. Nxf5 exf5 13. Bd3 Ndf6 14. Qc2 Re8 15. Ne2 g6 16. b3 Qe7 17. f3 Nd6 18. Nc3 Rad8 19. Bc4 Nh5 20. Rd1 Qh4 21. Bf1 Qg3 22. Na2 f4 23. e4 Nxe4 24. fxe4 f3 25. Qf2 fxg2 26. Bxg2 Qxb3 27. Bh6 Bc5 28. Be3 Be7 29. Rab1 Qxa4 30. Rf1 Rf8 31. Rxb7 Qa3 32. Bh6 Ng7 33. Kh1 Qd6 34. Nc3 Rb8 35. e5 Qe6 36. Rxb8 Rxb8 37. Ne4 Nf5 38. Bg5 Bxg5 39. Nxg5 Qc4 40. Be4 Ng3+ 41. Kg2 Nxf1 42. e6 Ne3+ 43. Kg3 Nf5+ 44. Bxf5 f6 45. Bxg6 hxg6 46. Qxf6 Qd3+ 47. Nf3 Rf8 48. e7 Qxf3+ 49. Qxf3 Rxf3+ 50. Kxf3 Kf7 51. e8Q+ Kxe8 52. Ke4 Ke7 53. Ke5 a4 0-1

[Event "Ferrol op 32th"]
[Site "Ferrol"]
[Date "2017.07.19"]
[Round "4"]
[White "Perez Ruiz, Santiago"]
[Black "Fernandez Rozas, Javier"]
[Result "1-0"]
[WhiteElo "1916"]
[BlackElo "1529"]
[PlyCount "57"]
[EventDate "2017.07.16"]
[EventType "swiss"]
[EventRounds "9"]
[EventCountry "ESP"]
[SourceTitle "EXT 2024"]
[Source "ChessBase"]
[SourceDate "2023.10.10"]
[SourceVersion "1"]
[SourceVersionDate "2023.10.10"]
[SourceQuality "1"]

1. d4 Nf6 2. c4 g6 3. Nc3 Bg7 4. Nf3 d6 5. g3 0-0 6. Bg2 Nbd7 7. 0-0 c5 8. b3 Rb8 9. Bb2 a6 10. e4 Qc7 11. Re1 Rd8 12. g4 e6 13. h3 b6 14. Qd2 Bb7 15. Rad1 Ba8 16. d5 e5 17. a4 Bb7 18. Nh2 Re8 19. g5 Nh5 20. Ne2 Bf8 21. Bf3 Ng7 22. Ng4 Nh5 23. Nh2 Ng7 24. Ng3 f6 25. Ng4 fxg5 26. Nh6+ Kh8 27. Qxg5 Be7 28. Qe3 Qd8 29. Nf7+ 1-0

[Event "Barbera del Valles op 39th"]
[Site "Barbera del Valles"]
[Date "2016.07.08"]
[Round "5"]
[White "Del Amo Carbo, Jordi"]
[Black "Perez Ruiz, Santiago"]
[Result "1-0"]
[WhiteElo "2138"]
[BlackElo "1912"]
[PlyCount "65"]
[EventDate "2016.07.04"]
[EventType "swiss"]
[EventRounds "9"]
[EventCountry "ESP"]
[SourceTitle "EXT 2017"]
[Source "ChessBase"]
[SourceDate "2016.10.25"]
[SourceVersion "1"]
[SourceVersionDate "2016.10.25"]
[SourceQuality "1"]

1. d4 Nf6 2. c4 e6 3. Nc3 Bb4 4. e3 Bxc3+ 5. bxc3 c5 6. Bd3 d6 7. Ne2 e5 8. e4 Nc6 9. 0-0 0-0 10. h3 b6 11. f4 exd4 12. cxd4 cxd4 13. Bb2 Re8 14. Ng3 h5 15. Re1 h4 16. Nh1 Ba6 17. Rc1 Rc8 18. Nf2 Nd7 19. Bb1 Nc5 20. Qh5 g6 21. Qg4 Rc7 22. Qf3 Kg7 23. Kh1 Bb7 24. Rcd1 Qa8 25. Qg4 Na4 26. Ba1 f6 27. e5 f5 28. Bxf5 Ne7 29. exd6 Nxf5 30. dxc7 Nc3 31. Bxc3 dxc3 32. Rd7+ Kh8 33. Rxe8+ 1-0

[Event "Mataro Vinas Memorial 12th"]
[Site "Mataro"]
[Date "2016.04.16"]
[Round "2"]
[White "Villar Reymundo, Juan Antonio"]
[Black "Perez Ruiz, Santiago"]
[Result "1/2-1/2"]
[WhiteElo "2177"]
[BlackElo "1902"]
[PlyCount "59"]
[EventDate "2016.04.09"]
[EventType "swiss"]
[EventRounds "9"]
[EventCountry "ESP"]
[SourceTitle "EXT 2017"]
[Source "ChessBase"]
[SourceDate "2016.10.25"]
[SourceVersion "1"]
[SourceVersionDate "2016.10.25"]
[SourceQuality "1"]

1. d4 Nf6 2. c4 e6 3. Nf3 d5 4. Bg5 Be7 5. e3 h6 6. Bh4 c6 7. Qc2 Ne4 8. Bxe7 Qxe7 9. Nc3 f5 10. Bd3 Nd7 11. 0-0 0-0 12. Rab1 g5 13. b4 g4 14. Nd2 h5 15. f3 Nxc3 16. Qxc3 Nf6 17. e4 Bd7 18. e5 Nh7 19. f4 b6 20. Rfc1 Rfc8 21. Nb3 Nf8 22. a4 Ng6 23. Qd2 Kf7 24. cxd5 cxd5 25. a5 Ba4 26. Ba6 Rxc1+ 27. Nxc1 Rb8 28. axb6 Rxb6 29. b5 Bxb5 30. Bxb5 1/2-1/2

[Event "Foment Martinenc op-A 17th"]
[Site "Barcelona"]
[Date "2015.06.06"]
[Round "7"]
[White "Perez Ruiz, Santiago"]
[Black "Castellet Menchon, Cora"]
[Result "0-1"]
[WhiteElo "1934"]
[BlackElo "1725"]
[PlyCount "48"]
[EventDate "2015.04.25"]
[EventType "swiss"]
[EventRounds "9"]
[EventCountry "ESP"]
[SourceTitle "EXT 2017"]
[Source "ChessBase"]
[SourceDate "2016.10.25"]
[SourceVersion "1"]
[SourceVersionDate "2016.10.25"]
[SourceQuality "1"]

1. d4 Nf6 2. c4 c5 3. d5 b5 4. cxb5 a6 5. bxa6 g6 6. Nc3 Bxa6 7. e4 Bxf1 8. Kxf1 d6 9. g3 Bg7 10. Kg2 0-0 11. Nf3 Nbd7 12. Qe2 Nb6 13. a4 Ra7 14. Bd2 Qa8 15. b3 e6 16. Rab1 exd5 17. exd5 Nbxd5 18. Nb5 Re7 19. Qd3 Qc6 20. Rhe1 Rfe8 21. Rxe7 Rxe7 22. Kf1 Ne3+ 23. Bxe3 Qxf3 24. Nxd6 Ng4 0-1

[Event "World Amateur-ch"]
[Site "Chalkidiki"]
[Date "2015.04.20"]
[Round "8"]
[White "Kiremitciyan, Ari"]
[Black "Perez Ruiz, Santiago"]
[Result "1-0"]
[WhiteElo "1891"]
[BlackElo "1934"]
[PlyCount "103"]
[EventDate "2015.04.14"]
[EventType "team-swiss"]
[EventRounds "9"]
[EventCountry "GRE"]
[SourceTitle "CBM 166 Extra"]
[Source "ChessBase"]
[SourceDate "2015.06.18"]
[SourceVersion "1"]
[SourceVersionDate "2015.06.18"]
[SourceQuality "1"]

1. e4 e6 2. d4 d5 3. Nd2 c5 4. exd5 Qxd5 5. Ngf3 cxd4 6. Bc4 Qd6 7. 0-0 Nf6 8. Nb3 Nc6 9. Nbxd4 Nxd4 10. Nxd4 a6 11. Bd3 Bd7 12. c3 Be7 13. Qe2 0-0 14. Nf3 Bc6 15. Ne5 Qd5 16. Nxc6 Qxc6 17. Bd2 Rfd8 18. Rad1 Rd7 19. Bc1 Rad8 20. Bc2 b5 21. Rxd7 Rxd7 22. Rd1 h6 23. Rxd7 Qxd7 24. Qd3 a5 25. Qxd7 Nxd7 26. Bd3 b4 27. cxb4 Bxb4 28. Bb5 Nf6 29. Kf1 Kf8 30. Ke2 Ke7 31. a3 Bc5 32. Bd2 Bb6 33. b4 axb4 34. Bxb4+ Kd8 35. Bc3 Bc5 36. a4 Kc7 37. f3 Kd6 38. f4 Nh5 39. Kf3 f5 40. Be5+ Kd5 41. a5 g5 42. g3 g4+ 43. Kg2 Bd6 44. a6 Bxe5 45. fxe5 Kxe5 46. a7 Kf6 47. a8Q Ng7 48. Qf8+ Kg6 49. Be8+ Nxe8 50. Qxe8+ Kf6 51. Qf8+ Kg6 52. Qe7 1-0

[Event "World Amateur-ch"]
[Site "Chalkidiki"]
[Date "2015.04.16"]
[Round "4"]
[White "Ezizov, Jumamuhammet"]
[Black "Perez Ruiz, Santiago"]
[Result "1-0"]
[WhiteElo "1642"]
[BlackElo "1934"]
[PlyCount "41"]
[EventDate "2015.04.14"]
[EventType "team-swiss"]
[EventRounds "9"]
[EventCountry "GRE"]
[SourceTitle "CBM 166 Extra"]
[Source "ChessBase"]
[SourceDate "2015.06.18"]
[SourceVersion "1"]
[SourceVersionDate "2015.06.18"]
[SourceQuality "1"]

1. e4 e6 2. d4 d5 3. Nc3 Bb4 4. Bd3 dxe4 5. Bxe4 Nf6 6. Bd3 0-0 7. Nf3 Nd5 8. Bd2 Nxc3 9. bxc3 Be7 10. 0-0 Nd7 11. Qe2 b6 12. Qe4 Nf6 13. Qxa8 Nd5 14. Qc6 Bd7 15. Qc4 f5 16. Ne5 Bd6 17. Nxd7 Qxd7 18. f4 Rf6 19. Rf3 Rh6 20. Bxf5 g5 21. Qxd5 1-0

[Event "Foment Martinenc op-A 16th"]
[Site "Barcelona"]
[Date "2014.06.07"]
[Round "7"]
[White "Jove Grau, Lluis"]
[Black "Perez Ruiz, Santiago"]
[Result "0-1"]
[WhiteElo "2150"]
[BlackElo "1861"]
[PlyCount "88"]
[EventDate "2014.04.26"]
[EventType "swiss"]
[EventRounds "9"]
[EventCountry "ESP"]
[SourceTitle "EXT 2015"]
[Source "ChessBase"]
[SourceDate "2014.11.20"]
[SourceVersion "1"]
[SourceVersionDate "2014.11.20"]
[SourceQuality "1"]

1. c4 Nf6 2. Nc3 e6 3. d4 Bb4 4. Qb3 c5 5. dxc5 Na6 6. Nf3 Ne4 7. Bd2 Nxd2 8. Nxd2 Qa5 9. Rc1 0-0 10. a3 Bxc5 11. g3 Rb8 12. Bg2 Be7 13. 0-0 b6 14. Qc2 Bb7 15. Nb5 d5 16. Nxa7 Nc7 17. Nb5 Nxb5 18. cxb5 Qxb5 19. e3 Bf6 20. b3 Rfc8 21. Qb1 Ba6 22. Rxc8+ Rxc8 23. Rc1 Rxc1+ 24. Qxc1 h6 25. e4 Bb7 26. Qc7 Qc6 27. Qxc6 Bxc6 28. exd5 exd5 29. Nf1 Bd4 30. Ne3 Bxe3 31. fxe3 Kf8 32. Kf2 Ke7 33. Ke2 Kd6 34. Kd3 Ke5 35. Kc3 f5 36. Kb4 g5 37. a4 f4 38. exf4+ gxf4 39. g4 Kd4 40. h4 Ke3 41. g5 hxg5 42. hxg5 f3 43. Bh3 Be8 44. Ka3 d4 0-1

[Event "Foment Martinenc op-A 16th"]
[Site "Barcelona"]
[Date "2014.05.24"]
[Round "5"]
[White "Sama Salinas, Hector"]
[Black "Perez Ruiz, Santiago"]
[Result "0-1"]
[WhiteElo "1698"]
[BlackElo "1861"]
[PlyCount "76"]
[EventDate "2014.04.26"]
[EventType "swiss"]
[EventRounds "9"]
[EventCountry "ESP"]
[SourceTitle "EXT 2015"]
[Source "ChessBase"]
[SourceDate "2014.11.20"]
[SourceVersion "1"]
[SourceVersionDate "2014.11.20"]
[SourceQuality "1"]

1. e4 e6 2. d4 d5 3. Nd2 c5 4. Ngf3 cxd4 5. exd5 Qxd5 6. Bc4 Qd6 7. 0-0 Nc6 8. Nb3 Nf6 9. Nbxd4 Nxd4 10. Nxd4 a6 11. Be3 Qc7 12. Bb3 Bd6 13. h3 0-0 14. Qf3 Bd7 15. Bg5 Be5 16. c3 Bxd4 17. cxd4 Bc6 18. Rac1 Qa5 19. Rxc6 bxc6 20. Bxf6 gxf6 21. Qxf6 Qf5 22. Qxf5 exf5 23. Rc1 Rfd8 24. Rxc6 Rxd4 25. Rf6 Ra7 26. Rxf5 Rd2 27. Ra5 Rxb2 28. f4 Rd7 29. Rg5+ Kf8 30. Rf5 Kg7 31. Kh2 Rdd2 32. Rg5+ Kf6 33. h4 h6 34. Rg3 Rf2 35. Rg4 Kf5 36. Rg7 f6 37. Kh3 Kxf4 38. g3+ Kf5 0-1

[Event "Foment Martinenc op-A 16th"]
[Site "Barcelona"]
[Date "2014.05.10"]
[Round "3"]
[White "Custodio Criado, Jofre"]
[Black "Perez Ruiz, Santiago"]
[Result "0-1"]
[WhiteElo "1633"]
[BlackElo "1861"]
[PlyCount "138"]
[EventDate "2014.04.26"]
[EventType "swiss"]
[EventRounds "9"]
[EventCountry "ESP"]
[SourceTitle "EXT 2015"]
[Source "ChessBase"]
[SourceDate "2014.11.20"]
[SourceVersion "1"]
[SourceVersionDate "2014.11.20"]
[SourceQuality "1"]

1. e4 e6 2. b3 d5 3. Bb2 dxe4 4. Nc3 Nf6 5. Qe2 Qd4 6. 0-0-0 Be7 7. Nb5 Qb6 8. Nc3 0-0 9. Nxe4 Nxe4 10. Qxe4 Qxf2 11. Bd4 Qh4 12. Qxh4 Bxh4 13. g3 Be7 14. Bg2 c6 15. Ne2 a5 16. Nc3 Nd7 17. a4 Nf6 18. Rde1 Bd7 19. Ne4 Nxe4 20. Bxe4 f6 21. Rhf1 e5 22. Bb2 Bc5 23. Bg2 Rfd8 24. d3 Rab8 25. Bc3 Bb4 26. Bxb4 axb4 27. Re4 c5 28. Ree1 Be6 29. Kb2 Bd5 30. Be4 Bxe4 31. Rxe4 Rd4 32. Rxd4 cxd4 33. a5 Ra8 34. Ra1 Ra6 35. Ra4 b6 36. axb6 Rxb6 37. Ra7 h5 38. Rc7 Kh7 39. Kc1 Kh6 40. Kd2 g5 41. Ke2 Kg6 42. Kf3 Kf5 43. h3 g4+ 44. Kg2 Ra6 45. h4 Ra1 46. Kf2 Rh1 47. Kg2 Rd1 48. Kf2 Rd2+ 49. Kg1 Ke6 50. Rc8 Kd7 51. Rc4 Kd6 52. Rc8 f5 53. Rc4 Kd5 54. Rc8 e4 55. Rd8+ Kc5 56. Rf8 exd3 57. Rxf5+ Kd6 58. cxd3 Rxd3 59. Kf2 Rxb3 60. Rxh5 Rb2+ 61. Kf1 b3 62. Ke1 Rh2 63. Rb5 b2 64. Kd1 d3 65. Rb3 b1Q+ 66. Rxb1 Rh1+ 67. Kd2 Rxb1 68. Kxd3 Ke5 69. Ke3 Rb3+ 0-1

[Event "Girona op-A 4th"]
[Site "Girona"]
[Date "2013.07.22"]
[Round "8"]
[White "Gultresa Boada, Isaac"]
[Black "Perez Ruiz, Santiago"]
[Result "1-0"]
[WhiteElo "1753"]
[BlackElo "1883"]
[PlyCount "87"]
[EventDate "2013.07.15"]
[EventType "swiss"]
[EventRounds "9"]
[EventCountry "ESP"]
[SourceTitle "CBM 155 Extra"]
[Source "ChessBase"]
[SourceDate "2013.08.26"]
[SourceVersion "1"]
[SourceVersionDate "2013.08.26"]
[SourceQuality "1"]

1. e4 c5 2. Nf3 Nc6 3. d4 cxd4 4. Nxd4 Nf6 5. Nc3 e6 6. Be3 Bb4 7. f3 d5 8. Nxc6 bxc6 9. exd5 Nxd5 10. Bd2 0-0 11. Nxd5 Bxd2+ 12. Qxd2 exd5 13. 0-0-0 a5 14. h4 a4 15. h5 a3 16. h6 axb2+ 17. Kb1 g6 18. Qc3 f6 19. Qxc6 Bf5 20. Rxd5 Qe7 21. Bc4 Kh8 22. Qd6 Qe3 23. Qc7 Qa7 24. Qxa7 Rxa7 25. Rhd1 Raa8 26. Rb5 Bc8 27. Rb6 f5 28. f4 Ra4 29. Rd4 Re8 30. Kxb2 g5 31. fxg5 f4 32. Rb8 Ra7 33. Rxf4 Rc7 34. Bb3 Rce7 35. Rc4 Bf5 36. Rxe8+ Rxe8 37. Rf4 Bg6 38. a4 Rc8 39. a5 Bh5 40. a6 Be2 41. a7 Bd1 42. Rb4 Bf3 43. gxf3 Rxc2+ 44. Bxc2 1-0

[Event "Girona op-A 4th"]
[Site "Girona"]
[Date "2013.07.21"]
[Round "7"]
[White "Mundet Riera, Jaume"]
[Black "Perez Ruiz, Santiago"]
[Result "1-0"]
[WhiteElo "2167"]
[BlackElo "1883"]
[PlyCount "59"]
[EventDate "2013.07.15"]
[EventType "swiss"]
[EventRounds "9"]
[EventCountry "ESP"]
[SourceTitle "CBM 155 Extra"]
[Source "ChessBase"]
[SourceDate "2013.08.26"]
[SourceVersion "1"]
[SourceVersionDate "2013.08.26"]
[SourceQuality "1"]

1. Nf3 Nf6 2. g3 g6 3. Bg2 Bg7 4. 0-0 0-0 5. d4 d6 6. c4 Nbd7 7. Nc3 c6 8. h3 e5 9. d5 cxd5 10. cxd5 a6 11. e4 Nc5 12. Re1 b5 13. b4 Ncxe4 14. Nxe4 Nxe4 15. Rxe4 f5 16. Re2 e4 17. Nd4 Be5 18. Nc6 Qf6 19. Nxe5 dxe5 20. Bb2 Bb7 21. f4 exf3 22. Bxf3 Qb6+ 23. Kh2 e4 24. Bg2 Rad8 25. Qc2 Rc8 26. Qd2 Rfe8 27. Rc1 Kf7 28. Rxc8 Rxc8 29. Qh6 Ke8 30. Bxe4 1-0

[Event "Girona op-A 4th"]
[Site "Girona"]
[Date "2013.07.20"]
[Round "6"]
[White "Perez Ruiz, Santiago"]
[Black "Molina Carretero, Daniel"]
[Result "1-0"]
[WhiteElo "1883"]
[BlackElo "1798"]
[PlyCount "53"]
[EventDate "2013.07.15"]
[EventType "swiss"]
[EventRounds "9"]
[EventCountry "ESP"]
[SourceTitle "CBM 155 Extra"]
[Source "ChessBase"]
[SourceDate "2013.08.26"]
[SourceVersion "1"]
[SourceVersionDate "2013.08.26"]
[SourceQuality "1"]

1. d4 d5 2. Nf3 Nf6 3. c4 e6 4. Bg5 c6 5. e3 Nbd7 6. Nc3 Qa5 7. Qb3 Ne4 8. Bf4 g5 9. Bg3 h5 10. h3 Nxg3 11. fxg3 Bd6 12. 0-0-0 Bxg3 13. cxd5 exd5 14. e4 Nf6 15. exd5 Bf4+ 16. Kb1 Nxd5 17. Bc4 Be6 18. Nxd5 Bxd5 19. Bxd5 Qxd5 20. Rhe1+ Kf8 21. Qxb7 Kg7 22. Ne5 Rhc8 23. h4 g4 24. Rf1 Bxe5 25. dxe5 Rcb8 26. Qe7 Re8 27. Qf6+ 1-0

[Event "Girona op-A 4th"]
[Site "Girona"]
[Date "2013.07.17"]
[Round "3"]
[White "Mestres Ramon, Pol"]
[Black "Perez Ruiz, Santiago"]
[Result "1/2-1/2"]
[WhiteElo "1624"]
[BlackElo "1883"]
[PlyCount "81"]
[EventDate "2013.07.15"]
[EventType "swiss"]
[EventRounds "9"]
[EventCountry "ESP"]
[SourceTitle "CBM 155 Extra"]
[Source "ChessBase"]
[SourceDate "2013.08.26"]
[SourceVersion "1"]
[SourceVersionDate "2013.08.26"]
[SourceQuality "1"]

1. e4 c5 2. Nc3 Nc6 3. g3 d6 4. Bg2 g6 5. d3 Bg7 6. Nh3 Nf6 7. 0-0 Nd4 8. Ne2 Nc6 9. f4 Bd7 10. Bd2 Qc8 11. Nf2 Ng4 12. Nxg4 Bxg4 13. c3 h5 14. Be3 h4 15. Qd2 Bh3 16. f5 Bxg2 17. Kxg2 Ne5 18. h3 hxg3 19. Nxg3 Qd7 20. b3 0-0-0 21. d4 gxf5 22. dxe5 f4 23. e6 fxe6 24. Rxf4 Qc6 25. Raf1 d5 26. Rf7 Bf6 27. Kh2 Qe8 28. R1xf6 exf6 29. Rxf6 d4 30. cxd4 cxd4 31. Bxd4 Qd7 32. Qc3+ Kb8 33. Be5+ Ka8 34. Rxe6 Rc8 35. Qd4 Rc2+ 36. Kg1 Rc1+ 37. Kf2 Qf7+ 38. Rf6 Qe8 39. Rd6 Rf8+ 40. Bf6 Rc8 41. e5 1/2-1/2

[Event "Maresme op 9th"]
[Site "Maresme"]
[Date "2012.11.03"]
[Round "6"]
[White "Perez Ruiz, Santiago"]
[Black "Gonzalez Saguillo, Oriol"]
[Result "1-0"]
[WhiteElo "1965"]
[BlackElo "1864"]
[PlyCount "55"]
[EventDate "2012.09.29"]
[EventType "swiss"]
[EventRounds "9"]
[EventCountry "ESP"]
[SourceTitle "EXT 2014"]
[Source "ChessBase"]
[SourceDate "2013.11.20"]
[SourceVersion "1"]
[SourceVersionDate "2013.11.20"]
[SourceQuality "1"]

1. d4 d5 2. c4 e6 3. Nc3 Nf6 4. Bg5 Nbd7 5. e3 c6 6. cxd5 exd5 7. Qc2 Be7 8. Bd3 0-0 9. Nge2 h6 10. Bh4 Re8 11. 0-0 Ne4 12. Bxe7 Qxe7 13. Rab1 Ndf6 14. b4 a6 15. a4 Bg4 16. Nxe4 dxe4 17. Bc4 Bxe2 18. Bxe2 Nd5 19. Qc5 Qxc5 20. bxc5 Nc3 21. Rb2 Nxe2+ 22. Rxe2 a5 23. Rb1 Rab8 24. Rb6 f5 25. Reb2 Rec8 26. Rxb7 Rxb7 27. Rxb7 Ra8 28. h4 1-0

[Event "Girona op-A 3rd"]
[Site "Girona"]
[Date "2012.07.22"]
[Round "7"]
[White "Perez Ruiz, Santiago"]
[Black "Colomer Camarasa, Jordi"]
[Result "1/2-1/2"]
[WhiteElo "1795"]
[BlackElo "1911"]
[PlyCount "31"]
[EventDate "2012.07.16"]
[EventType "swiss"]
[EventRounds "9"]
[EventCountry "ESP"]
[SourceTitle "CBM 149 Extra"]
[Source "ChessBase"]
[SourceDate "2012.08.24"]
[SourceVersion "1"]
[SourceVersionDate "2012.08.24"]
[SourceQuality "1"]

1. d4 Nf6 2. c4 e5 3. dxe5 Ne4 4. a3 b6 5. Qd5 Nc5 6. Qd1 Bb7 7. b4 Ne6 8. Nf3 a5 9. b5 d6 10. Bb2 Nd7 11. exd6 Bxd6 12. e3 0-0 13. Nbd2 Qe7 14. Nd4 Nxd4 15. Bxd4 Bxa3 16. Qg4 1/2-1/2

[Event "Llinars del Valles op-B 6th"]
[Site "Llinars del Valles"]
[Date "2012.04.28"]
[Round "3"]
[White "Perez Ruiz, Santiago"]
[Black "Mostazo Torrubia, Rafael"]
[Result "1-0"]
[WhiteElo "1784"]
[BlackElo "1523"]
[PlyCount "95"]
[EventDate "2012.04.14"]
[EventType "swiss"]
[EventRounds "9"]
[EventCountry "ESP"]
[SourceTitle "EXT 2013"]
[Source "ChessBase"]
[SourceDate "2012.11.22"]
[SourceVersion "1"]
[SourceVersionDate "2012.11.22"]
[SourceQuality "1"]

1. d4 e5 2. dxe5 Nc6 3. Nf3 Qe7 4. Qd5 Nb4 5. Qb3 Nc6 6. Bf4 Qb4+ 7. Qxb4 Nxb4 8. Na3 a6 9. e4 Bc5 10. c3 Nc6 11. Nc2 Nge7 12. Bc4 0-0 13. 0-0 Ng6 14. Bg3 Nd8 15. Rfd1 Ne6 16. Ncd4 b5 17. Bb3 Bb7 18. Bd5 c6 19. Bb3 Rfe8 20. Nf5 Rad8 21. Nd6 Bxd6 22. Rxd6 Nc5 23. Bc2 Bc8 24. b4 Nb7 25. Rd2 a5 26. h4 h5 27. Rad1 a4 28. a3 Kf8 29. c4 Re7 30. cxb5 cxb5 31. Bd3 Rde8 32. Bxb5 Nd8 33. Bxa4 Nc6 34. Rd5 Ngxe5 35. Nxe5 Nxe5 36. Bxe5 Rxe5 37. Bxd7 Bxd7 38. Rxe5 Be6 39. Rxh5 Ke7 40. Re5 f6 41. Rxe6+ Kxe6 42. b5 Rb8 43. Rb1 Kd6 44. b6 Kc6 45. b7 Kc7 46. f4 Kc6 47. h5 Kd6 48. g4 1-0